Informática iii ghen villafuerte

Guardado en:
Autor Principal: Villafuerte, Ghen
Formato: Libro
Publicado: Buenos Aires : Santillana, 2008
Series:Nuevamente
Materias:
Etiquetas: Agregar Etiqueta
Sin Etiquetas, Sea el primero en etiquetar este registro!
LEADER 00771nam a22002295a 4500
001 CEM.cems013110
005 20090508103322.0
008 130507s2008##################000#0#####d
003 CEMS
020 |a 9789504620990 
082 0 4 |a Z001.64 
100 1 |a Villafuerte, Ghen 
245 1 0 |a Informática iii ghen villafuerte 
260 |a Buenos Aires :  |b Santillana,  |c 2008 
300 |a 96 p. + 1 CD-ROM 
490 0 |a Nuevamente 
500 |a Para nivel Educación Secundaria Básica 
505 0 |a La computadora -- Word -- PowerPoint -- Excel -- Correo electrónico -- Flash 
653 |a Informática 
653 |a Informática-9º egb 
653 |a Informática-3ero. educación secundaria básica 
859 |a CEMS  |b BIB. CEMS - 11 de abril  |h Z001.64  |i V712  |p 25582.09  |t Ej.1  |v III  |3 III